Hidden Clue Vocabulary #2 - Statistics

General Stats
  • This quiz has been taken 5,492 times
    4,707 since last reset
  • The average score is 16 of 30
Answer Stats
Hint # Answer % Correct
Fireplace residue 5 Emb{er}
93%
Swamp; bog 5 Mar{sh}
91%
Caesar or Waldorf, eg. 5 Sal{ad}
85%
Literary category 5 Gen{re}
83%
Old West tavern 6 Sal{oon}
82%
A distinctive badge 6 Emb{lem}
81%
Intellectual brilliance 6 Gen{ius}
80%
To hold closely 7 Emb{race}
77%
A disorderly mass 5 Cha{os}
73%
Origin; beginning 7 Gen{esis}
70%
Willing sacrifice 6 Mar{tyr}
67%
Peculiarity 5 Qui{rk}
66%
Misappropriate money 8 Emb{ezzle}
65%
Tremble 6 Qui{ver}
64%
Cause shame to 9 Emb{arrass}
59%
Alpine dwelling 6 Cha{let}
51%
Goblet 7 Cha{lice}
46%
Malaria remedy 7 Qui{nine}
45%
Personal magnetism 8 Cha{risma}
41%
War-like 7 Mar{tial}
38%
To drool 8 Sal{ivate}
38%
Deliverance from sin 9 Sal{vation}
38%
Important; noticeable 7 Sal{ient}
37%
Munificent 8 Gen{erous}
36%
Fraud; trickster 9 Cha{rlatan}
28%
Pouched mammal 9 Mar{supial}
28%
Sweet almond paste 8 Mar{zipan}
28%
Foolishly idealistic 8 Qui{xotic}
24%
Kneel in reverence 9 Gen{uflect}
22%
Inactive; tranquil 9 Qui{escent}
10%
No matching quizzes found
Score Distribution
Percent of People with Each Score
Percentile by Number Answered
Your Score History
You have not taken this quiz since the last reset